000 00432nam a2200157Ia 4500
008 151021s9999 xx 000 0 und d
020 _a763820628
050 _aT 385 .R 893 2004
245 _a_Power point 2003 Specialist
260 _aU.S.A EMC Paradigm 2004
300 _aviii,248p,;
500 _aIncludes Index
500 _aIncludes Index
650 _a_Microsoft power point
980 _a^d20120827 10:54:10^okorir
999 _c12484
_d12484